000 00903nam a22003137a 4500
003 CHAP
005 20220329140544.0
008 971013s1979 r 00010 d
010 _a53850
011 _a54822
035 _a58974
040 _cCHAP
090 _aFolleto 6287y
100 0 0 _aWickstead, John H.
_9121823
245 1 _aZooplanctón marino
260 _aBarcelona :
_bOmega,
_c1979
300 _a70 p.
_b: ilus.
490 _aCuadernos de biología
590 _aBATCH-UPD
_b10
_c20130110
_lUCH01
_h2049
590 _aBATCH-UPD
_b10
_c20130410
_lUCH01
_h1402
590 _aBATCH-UPD
_b10
_c20130914
_lUCH01
_h1353
590 _aCONVERSION
_b10
_c20130109
_lUCH01
_h1329
650 1 4 _aFauna marina.
_939841
650 1 4 _aPlancton.
_988693
830 0 _aCuadernos de biología
_929748
901 _aBK
942 _cFOLL
949 _aFolleto 6287y
_bBC
_cFOLL
_d-127737
_eTS1
_i58974
_si
_t180.00
999 _c53850
_d53850